<?xml version="1.0" encoding="UTF-8"?>
<record
    xmlns:xsi="http://www.w3.org/2001/XMLSchema-instance"
    xsi:schemaLocation="http://www.loc.gov/MARC21/slim http://www.loc.gov/standards/marcxml/schema/MARC21slim.xsd"
    xmlns="http://www.loc.gov/MARC21/slim">

  <leader>00264nam a2200097Ia 4500</leader>
  <controlfield tag="001">722039</controlfield>
  <controlfield tag="005">20250826163304.0</controlfield>
  <controlfield tag="008">250824s9999    xx            000 0 und d</controlfield>
  <datafield tag="245" ind1=" " ind2="0">
    <subfield code="a">HAZ&#x130;NEY&#x130; K&#x130;M SAKLADI?</subfield>
    <subfield code="c">MEL&#x130;H TU&#x11E;TA&#x11E;-&#xC7;A&#x11E;RI CEBEC&#x130;</subfield>
  </datafield>
  <datafield tag="260" ind1=" " ind2=" ">
    <subfield code="b">HAYAT YAYINLARI</subfield>
  </datafield>
  <datafield tag="999" ind1=" " ind2=" ">
    <subfield code="c">722039</subfield>
    <subfield code="d">722039</subfield>
  </datafield>
  <datafield tag="952" ind1=" " ind2=" ">
    <subfield code="0">0</subfield>
    <subfield code="1">0</subfield>
    <subfield code="4">0</subfield>
    <subfield code="7">0</subfield>
    <subfield code="a">1031</subfield>
    <subfield code="b">1031</subfield>
    <subfield code="d">2025-08-24</subfield>
    <subfield code="l">7</subfield>
    <subfield code="p">1031855</subfield>
    <subfield code="q">2026-02-20</subfield>
    <subfield code="r">2026-02-05 14:00:57</subfield>
    <subfield code="s">2026-02-05</subfield>
    <subfield code="w">2025-08-26</subfield>
    <subfield code="y">BK</subfield>
  </datafield>
</record>
